Essais historiques et biographiques. (Record no. 158355)

MARC details
000 -LEADER
campo de control de longitud fija 00790nam a2200205 i 4500
001 - NÚMERO DE CONTROL
campo de control 158355
003 - IDENTIFICADOR DE NÚMERO DE CONTROL
campo de control ES-MaACL
005 - FECHA Y HORA DE LA ÚLTIMA TRANSACCIÓN
campo de control 20230906211117.0
008 - DATOS DE LONGITUD FIJA--INFORMACIÓN GENERAL
campo de control de longitud fija 990723m18699999fr |||| | fre d
040 ## - FUENTE DE CATALOGACIÓN
Centro catalogador/agencia de origen CCPB | B
Lengua de catalogación spa
Centro/agencia transcriptor CCPB | B
100 0# - ENTRADA PRINCIPAL--NOMBRE DE PERSONA
Nombre de persona Macaulay, Thomas Babington Macaulay
Títulos y otros términos asociados al nombre Baron.
9 (RLIN) 75067
245 10 - MENCIÓN DEL TÍTULO
Título Essais historiques et biographiques.
Número de parte o sección de la obra Deuxième série,
Nombre de parte o sección de la obra Lord Chatham, William Pitt, son fil, Frédéric le Grand, Mirabeau, Barère /
Mención de responsabilidad, etc. par Lord Macaulay ; traduits par M. Guillaume Guizot.
250 ## - MENCION DE EDICION
Mención de edición Deuxième éd.
260 ## - PUBLICACIÓN, DISTRIBUCIÓN, ETC.
Lugar de publicación, distribución, etc. Paris :
Nombre del editor, distribuidor, etc. Michel Levy Frères,
Fecha de publicación, distribución, etc. 1869.
300 ## - DESCRIPCIÓN FÍSICA
Extensión [4], 552 p.. ;
Dimensiones 22 cm.
596 ## - NOTA AL PIE DE IMPRENTA
NOTA AL PIE DE IMPRENTA Marca del ed. en port.
597 ## - NOTA DE DESCRIPCIÓN FÍSICA
NOTA DE DESCRIPCIÓN FÍSICA Antep.
700 1# - ENTRADA AGREGADA--NOMBRE PERSONAL
Nombre de persona Guizot, Guillaume (
Fechas asociadas al nombre 1833-1892)
9 (RLIN) 149492
852 ## - LOCALIZACIÓN
Ubicación ES-MaACL
Número de control de estantería G-1616
Nota libre -- Enc. hol.
Holdings
Estatus retirado Estado de pérdida Estado de daño No para préstamo Colección Biblioteca de origen Biblioteca actual Ubicación en estantería Fecha de adquisición Fuente de adquisición Total de préstamos Signatura topográfica completa Código de barras Visto por última vez Precio de reemplazo Tipo de ítem Koha
        Libros del s. XIX Biblioteca del Ateneo de Madrid Biblioteca del Ateneo de Madrid Depósito 2 17/01/2008     G-1616 1165738 23/02/2023 23/02/2023 Libro impreso antiguo